Integration of science and technology with development (Record no. 34856)

MARC details
000 -LEADER
fixed length control field 00337nam a2200121Ia 4500
082 ## - DEWEY DECIMAL CLASSIFICATION NUMBER
Classification number 5+62
Item number THO
245 #0 - TITLE STATEMENT
Title Integration of science and technology with development
260 ## - PUBLICATION, DISTRIBUTION, ETC. (IMPRINT)
Place of publication New York
Name of publisher Pergamon
Year of publication 1979
700 ## - ADDED ENTRY--PERSONAL NAME
Personal name Thomas, D Babataunde
700 ## - ADDED ENTRY--PERSONAL NAME
Personal name Wionczek, Miguels
942 ## - ADDED ENTRY ELEMENTS (KOHA)
Koha item type Books
Holdings
Withdrawn status Lost status Damaged status Not for loan Home library Current library Date acquired Cost, normal purchase price Full call number Accession Number Koha item type
        RRII Library RRII Library 16/12/2021 25.00 5+62 THO 15283 Books